000 01301nam a22003017a 4500
003 OSt
005 20230608110500.0
007 cr ||||||a|c|a
008 230605s2022 mx a|||fom||| 001 0 spa d
040 _erda
100 1 _aEstala Duran, Alma Isabel
_9187332
245 1 0 _aManejo técnico y reproductivo en vacas holstein :
_bcaso de tres establos en la empresa Pedreña de la Laguna /
_cpor Alma Isabel Estala Duran; director de tesis José Luis Ortega Sánchez.
264 _aDurango, México :
_bEl autor,
_c2022.
300 _a1 recurso en línea ( 51 páginas):
_bcuadros, figuras.
336 _2rdacontent
_atexto
_btxt
337 _2rdamedia
_acomputadora
_bc
338 _2rdacarrier
_arecurso en línea
_bcr
502 _bISP
_cURUZA
_d2022.
_gLIC
504 _aIncluye referencias bibliográficas: páginas 40-41.
650 4 _945274
_aGanado lechero
_xMejoramiento
650 4 _9145718
_aProductores de leche
650 4 _9125524
_aIndustria lechera
_xControl de calidad
650 4 _9140608
_aLeche
_xProducción
650 4 _965418
_aLeche
_xValor nutritivo
700 1 _983883
_aOrtega Sánchez, José Luis
_eDirector de tesis.
856 _uhttp://10.13.5.2/tesis/tl/1111402-8_ESTALA-DURAN_ALMAISABEL.pdf
_zDESCARGAR PDF
942 _2Clasificación Universidad Autónoma Chapingo
_cTD
999 _c218893
_d218893